[Event "Olimpiada Calviá 2004"]
[Site "Calviá ESP"]
[Date "2004.10.25"]
[Round "10.27"]
[White "Liu, Dede"]
[Black "Braga, Cicero"]
[Result "1/2-1/2"]
[WhiteElo "2397"]
[BlackElo "2441"]
[PlyCount "80"]
[EventDate "2004.10.15"]
[EventType "team"]
[EventRounds "14"]
[EventCountry "ESP"]
[Source "lmi"]
[SourceDate "2004.10.27"]

1. e4 c5 2. Nf3 Nc6 3. d4 cxd4 4. Nxd4 Nf6 5. Nc3 e5 6. Ndb5 d6 7. Bg5 a6 8.
Na3 b5 9. Bxf6 gxf6 10. Nd5 f5 11. Bd3 Be6 12. c3 Bg7 13. Nc2 O-O 14. O-O Bxd5
15. exd5 Ne7 16. Qh5 e4 17. Be2 Qd7 18. Rad1 Rae8 19. f4 exf3 20. Bxf3 Ng6 21.
Nd4 Re5 22. Nc6 Re3 23. Rfe1 Rfe8 24. Rxe3 Rxe3 25. Qg5 Re8 26. Rf1 f4 27. Bh5
h6 28. Qg4 Qxg4 29. Bxg4 Bf6 30. a4 bxa4 31. Ra1 Bh4 32. Kf1 a3 33. bxa3 Bf6
34. Re1 Rxe1+ 35. Kxe1 Bxc3+ 36. Ke2 Kf8 37. Bc8 a5 38. Kd3 Be1 39. Ke2 Bc3 40.
Kd3 Be1 1/2-1/2

[Event "Olimpiada Calviá 2004"]
[Site "Calviá ESP"]
[Date "2004.10.25"]
[Round "10.27"]
[White "Fier, Alexander Hila"]
[Black "Purnama, Tirta Chandra"]
[Result "1-0"]
[WhiteElo "2365"]
[BlackElo "2286"]
[PlyCount "47"]
[EventDate "2004.10.15"]
[EventType "team"]
[EventRounds "14"]
[EventCountry "ESP"]
[Source "lmi"]
[SourceDate "2004.10.27"]

1. e4 c5 2. Nf3 d6 3. d4 cxd4 4. Nxd4 Nf6 5. Nc3 a6 6. Bg5 e6 7. f4 b5 8. Qf3
Bb7 9. Bd3 Nbd7 10. O-O-O Rc8 11. Rhe1 Qb6 12. Bxf6 Nxf6 13. Qh3 Be7 14. Kb1
Rxc3 15. bxc3 b4 16. Nb3 bxc3 17. Qe3 Qc7 18. Qa7 O-O 19. Bxa6 Rb8 20. Rd4 Nd7
21. Rb4 Ra8 22. Qxb7 Qd8 23. Qc6 d5 24. Rb5 1-0

[Event "Olimpiada Calviá 2004"]
[Site "Calviá ESP"]
[Date "2004.10.25"]
[Round "10.28"]
[White "Ghaem Maghami, Ehsan"]
[Black "Zilberman, Nathan R"]
[Result "1-0"]
[WhiteElo "2558"]
[BlackElo "2338"]
[PlyCount "57"]
[EventDate "2004.10.15"]
[EventType "team"]
[EventRounds "14"]
[EventCountry "ESP"]
[Source "lmi"]
[SourceDate "2004.10.27"]

1. e4 g6 2. d4 Bg7 3. Nc3 c6 4. Be3 d5 5. Nf3 Bg4 6. h3 Bxf3 7. Qxf3 e6 8.
O-O-O Nd7 9. h4 h5 10. Bd3 Ngf6 11. Qe2 dxe4 12. Nxe4 Nxe4 13. Bxe4 Nf6 14. Bf3
Qd6 15. Kb1 O-O-O 16. Bg5 Rd7 17. g3 Nd5 18. c4 Ne7 19. Bf4 Qb4 20. d5 Rhd8 21.
Bg5 exd5 22. cxd5 cxd5 23. Rd3 f6 24. Bd2 Qa4 25. Ra3 Qd4 26. Be3 Qb4 27. Rc1+
Rc7 28. Rxc7+ Kxc7 29. Bd2 1-0

[Event "Olimpiada Calviá 2004"]
[Site "Calviá ESP"]
[Date "2004.10.25"]
[Round "10.28"]
[White "Moradiabadi, Elshan"]
[Black "Shukuraliev, Algis"]
[Result "1-0"]
[WhiteElo "2445"]
[BlackElo "2248"]
[PlyCount "97"]
[EventDate "2004.10.15"]
[EventType "team"]
[EventRounds "14"]
[EventCountry "ESP"]
[Source "lmi"]
[SourceDate "2004.10.27"]

1. d4 d5 2. c4 e6 3. Nc3 Nf6 4. Bg5 Be7 5. e3 Nbd7 6. Qc2 O-O 7. cxd5 exd5 8.
Bd3 c6 9. Nge2 Re8 10. O-O Nf8 11. Rad1 Ng6 12. f3 h6 13. Bxf6 Bxf6 14. Bxg6
fxg6 15. e4 dxe4 16. fxe4 Bg5 17. e5 Kh7 18. Ne4 Bg4 19. h3 Be3+ 20. Kh1 Qh4
21. Rd3 Bxe2 22. Qxe2 Qxe4 23. Qxe3 Qxe3 24. Rxe3 Rad8 25. Rf7 b5 26. Re4 a5
27. Rc7 Re6 28. Rf4 h5 29. h4 g5 30. hxg5 Kg6 31. Kh2 Kxg5 32. Kg3 g6 33. Kf3
Rd5 34. Re4 Rd8 35. Ke2 Rf8 36. g3 Rf5 37. b3 a4 38. b4 Rf8 39. a3 Rf5 40. Re3
Kg4 41. Rc3 g5 42. R7xc6 Rxc6 43. Rxc6 Kxg3 44. e6 Rf8 45. e7 Re8 46. Re6 h4
47. d5 h3 48. d6 h2 49. Rh6 1-0

[Event "Olimpiada Calviá 2004"]
[Site "Calviá ESP"]
[Date "2004.10.25"]
[Round "10.29"]
[White "Cekro, Ekrem"]
[Black "Cruz, Filemon"]
[Result "1-0"]
[WhiteElo "2433"]
[BlackElo "2367"]
[PlyCount "95"]
[EventDate "2004.10.15"]
[EventType "team"]
[EventRounds "14"]
[EventCountry "ESP"]
[Source "lmi"]
[SourceDate "2004.10.27"]

1. c4 c5 2. g3 Nc6 3. Bg2 b6 4. e4 Bb7 5. Ne2 e6 6. Nbc3 d6 7. a3 Nf6 8. O-O
Be7 9. b4 O-O 10. Rb1 Nd7 11. d3 Qc7 12. Be3 Rac8 13. h3 Rfd8 14. f4 Qb8 15. b5
Na5 16. f5 Bf6 17. Qd2 Re8 18. fxe6 fxe6 19. Nf4 Be5 20. h4 Nf8 21. Bh3 Rc7 22.
Rf2 Ree7 23. Nce2 Qe8 24. Qc2 Bc8 25. Rbf1 Rf7 26. Kh2 Ng6 27. h5 Nxf4 28. gxf4
Bf6 29. Rg2 d5 30. e5 Bxe5 31. Bd2 Bd6 32. Ng3 Rf6 33. Re2 Qf8 34. cxd5 Re7 35.
dxe6 Bxe6 36. Rxe6 Rfxe6 37. Bxa5 bxa5 38. Bxe6+ Rxe6 39. Qc4 Qf7 40. Kg2 Kf8
41. Ne4 Qf5 42. Rf3 Be7 43. Ng3 Qg4 44. Qd5 Re2+ 45. Kf1 Ra2 46. Re3 Qh3+ 47.
Ke1 Qh2 48. Qf5+ 1-0

[Event "Olimpiada Calviá 2004"]
[Site "Calviá ESP"]
[Date "2004.10.25"]
[Round "10.29"]
[White "Pacheco, Marco"]
[Black "Van Beers, Eddy"]
[Result "1/2-1/2"]
[WhiteElo "2320"]
[BlackElo "2383"]
[PlyCount "54"]
[EventDate "2004.10.15"]
[EventType "team"]
[EventRounds "14"]
[EventCountry "ESP"]
[Source "lmi"]
[SourceDate "2004.10.27"]

1. d4 Nf6 2. c4 e6 3. Nf3 b6 4. g3 Ba6 5. b3 Bb4+ 6. Bd2 Be7 7. Bg2 c6 8. Bc3
d5 9. Nbd2 Nbd7 10. O-O O-O 11. Re1 c5 12. e4 dxe4 13. Nxe4 Bb7 14. Nfg5 cxd4
15. Bxd4 Qc7 16. Nxf6+ Bxf6 17. Bxb7 Qxb7 18. Ne4 Bxd4 19. Qxd4 Rad8 20. Rad1
Qa8 21. Qc3 Nb8 22. Nf6+ gxf6 23. Qxf6 Nd7 24. Qg5+ Kh8 25. Rxd7 Rxd7 26. Qf6+
Kg8 27. Qg5+ Kh8 1/2-1/2

[Event "Olimpiada Calviá 2004"]
[Site "Calviá ESP"]
[Date "2004.10.25"]
[Round "10.30"]
[White "Hamdouchi, Hichem"]
[Black "Rowson, Jonathan"]
[Result "1/2-1/2"]
[WhiteElo "2575"]
[BlackElo "2577"]
[PlyCount "22"]
[EventDate "2004.10.15"]
[EventType "team"]
[EventRounds "14"]
[EventCountry "ESP"]
[Source "lmi"]
[SourceDate "2004.10.27"]

1. e4 c5 2. Nc3 d6 3. f4 g6 4. Nf3 Bg7 5. d4 cxd4 6. Nxd4 Nc6 7. Nxc6 bxc6 8.
Bc4 Qb6 9. Qf3 Nf6 10. Bb3 O-O 11. Be3 Qa6 1/2-1/2

[Event "Olimpiada Calviá 2004"]
[Site "Calviá ESP"]
[Date "2004.10.25"]
[Round "10.30"]
[White "McNab, Colin A"]
[Black "Sebbar, Ali"]
[Result "1/2-1/2"]
[WhiteElo "2434"]
[BlackElo "2116"]
[PlyCount "84"]
[EventDate "2004.10.15"]
[EventType "team"]
[EventRounds "14"]
[EventCountry "ESP"]
[Source "lmi"]
[SourceDate "2004.10.27"]

1. c4 Nf6 2. g3 g6 3. Bg2 Bg7 4. Nc3 O-O 5. e4 d6 6. Nge2 c5 7. O-O Nc6 8. d3
Ne8 9. a3 Nc7 10. Rb1 a5 11. Nd5 Ne6 12. b4 axb4 13. axb4 Ned4 14. bxc5 dxc5
15. Nec3 e6 16. Nb6 Ra6 17. Nxc8 Qxc8 18. Kh1 Nb4 19. f4 Rd8 20. e5 Nf5 21. Be4
Nd6 22. Qe2 Nxe4 23. dxe4 Qc6 24. Bb2 Rd4 25. Nd5 exd5 26. Bxd4 cxd4 27. cxd5
Qc3 28. Rfc1 Qa3 29. d6 Rc6 30. Rxc6 Nxc6 31. Rd1 Bf8 32. Kg2 Qc5 33. Qd3 b5
34. Rd2 Qc3 35. Kf2 b4 36. Qe2 b3 37. Rd3 Qc2 38. Rd2 Qc3 39. Rd3 Qc4 40. Rd2
Qc3 41. Rd3 Qc4 42. Rd2 Qc3 1/2-1/2

[Event "Olimpiada Calviá 2004"]
[Site "Calviá ESP"]
[Date "2004.10.25"]
[Round "10.30"]
[White "Mannion, Stephen R"]
[Black "Karim, Ismael"]
[Result "0-1"]
[WhiteElo "2357"]
[BlackElo "2228"]
[PlyCount "90"]
[EventDate "2004.10.15"]
[EventType "team"]
[EventRounds "14"]
[EventCountry "ESP"]
[Source "lmi"]
[SourceDate "2004.10.27"]

1. e4 c5 2. Nf3 e6 3. d4 cxd4 4. Nxd4 Nf6 5. Nc3 Nc6 6. Ndb5 d6 7. Bf4 e5 8.
Bg5 a6 9. Na3 b5 10. Bxf6 gxf6 11. Nd5 Bg7 12. g3 f5 13. Bg2 O-O 14. O-O Rb8
15. c3 fxe4 16. Bxe4 Ne7 17. Nc2 f5 18. Bg2 a5 19. Qd2 Nxd5 20. Qxd5+ Kh8 21.
Rad1 Rb6 22. f4 Bb7 23. Qd2 Bxg2 24. Qxg2 Qc8 25. a3 exf4 26. Rxf4 Be5 27. Rf3
f4 28. Qf2 Rb7 29. Nd4 Rbf7 30. gxf4 Rxf4 31. Rxf4 Rxf4 32. Qe2 Rg4+ 33. Kh1
Bxd4 34. cxd4 Qf5 35. h3 Rg3 36. Re1 Qxh3+ 37. Qh2 Qg4 38. Re8+ Kg7 39. Re2
Qf3+ 40. Rg2 Qxg2+ 41. Qxg2 Rxg2 42. Kxg2 Kf6 43. Kf3 Kf5 44. Ke3 d5 45. Kf3 h5
0-1

[Event "Olimpiada Calviá 2004"]
[Site "Calviá ESP"]
[Date "2004.10.25"]
[Round "10.31"]
[White "Rodriguez, Andres"]
[Black "Ramirez, Alejandro"]
[Result "1-0"]
[WhiteElo "2533"]
[BlackElo "2519"]
[PlyCount "97"]
[EventDate "2004.10.15"]
[EventType "team"]
[EventRounds "14"]
[EventCountry "ESP"]
[Source "lmi"]
[SourceDate "2004.10.27"]

1. e4 e6 2. d4 d5 3. e5 c5 4. c3 Nc6 5. Nf3 Bd7 6. Bd3 cxd4 7. cxd4 Qb6 8. Nc3
Nxd4 9. Nxd4 Qxd4 10. Qe2 a6 11. O-O Ne7 12. Kh1 Nc6 13. f4 Bc5 14. a3 Na5 15.
Qf3 Ba7 16. f5 Nc4 17. Ne2 Qb6 18. Qg3 exf5 19. b3 Ne3 20. Qxg7 O-O-O 21. Bxe3
Qxe3 22. Rf3 Qd2 23. Qxf7 Rhe8 24. Bxf5 Bxf5 25. Qxf5+ Kb8 26. Nf4 Bd4 27. Raf1
Rxe5 28. Qxh7 Bb6 29. Qd3 Qb2 30. Qg6 Bc7 31. Nd3 Qd4 32. Nxe5 Qxe5 33. Rh3 d4
34. Qd3 Rg8 35. Qf3 Ka7 36. Rd1 Re8 37. a4 Re7 38. Rf1 Re8 39. Rh5 Qd6 40. Qd5
Qf4 41. Qc4 Qg4 42. Rd5 Qc8 43. a5 Rh8 44. Qc5+ Ka8 45. Rh5 Rd8 46. Rh7 Kb8 47.
Rc1 Rd7 48. Rxd7 Qxd7 49. Qxc7+ 1-0

[Event "Olimpiada Calviá 2004"]
[Site "Calviá ESP"]
[Date "2004.10.25"]
[Round "10.31"]
[White "Gonzalez, Bernal"]
[Black "Roselli Mailhe, Bernardo"]
[Result "1-0"]
[WhiteElo "2423"]
[BlackElo "2405"]
[PlyCount "95"]
[EventDate "2004.10.15"]
[EventType "team"]
[EventRounds "14"]
[EventCountry "ESP"]
[Source "lmi"]
[SourceDate "2004.10.27"]

1. Nf3 Nf6 2. c4 g6 3. g3 Bg7 4. Bg2 O-O 5. O-O d6 6. Nc3 Nc6 7. d3 Bd7 8. Rb1
Qc8 9. Re1 Bh3 10. Bh1 h6 11. b4 e5 12. Nd5 Kh7 13. b5 Nd8 14. a4 Nh5 15. Be3
Ne6 16. a5 f5 17. Nd2 f4 18. Ne4 Qd7 19. c5 dxc5 20. Bxc5 Rf7 21. b6 Qxd5 22.
Ng5+ hxg5 23. Bxd5 axb6 24. axb6 c6 25. Bxe6 Bxe6 26. Ra1 Rd8 27. Ra7 Nf6 28.
Qa4 Rd5 29. Qa3 Bh3 30. Ra8 Nd7 31. Be7 Nxb6 32. Rb8 Nd7 33. Rxb7 Nc5 34. Ra7
Ne6 35. Bc5 Rf5 36. Bb6 c5 37. Re7 Rf8 38. f3 g4 39. Rxe6 fxg3 40. Re7 gxf3 41.
exf3 g2 42. Qa7 Rg8 43. Qb7 Rxd3 44. Qe4 Rd4 45. Qxe5 Kh8 46. Rxg7 Rxg7 47.
Bxc5 Rdd7 48. Bf8 1-0

[Event "Olimpiada Calviá 2004"]
[Site "Calviá ESP"]
[Date "2004.10.25"]
[Round "10.31"]
[White "Curi, Gabriel"]
[Black "Valdes, Leonardo"]
[Result "1-0"]
[WhiteElo "2264"]
[BlackElo "2372"]
[PlyCount "52"]
[EventDate "2004.10.15"]
[EventType "team"]
[EventRounds "14"]
[EventCountry "ESP"]
[Source "lmi"]
[SourceDate "2004.10.27"]

1. e4 d6 2. d4 Nf6 3. Nc3 g6 4. Be3 c6 5. Qd2 b5 6. Bd3 Nbd7 7. Nf3 Bg7 8. Bh6
O-O 9. h4 b4 10. Ne2 Qa5 11. h5 Bxh6 12. Qxh6 Ng4 13. Qd2 Ndf6 14. Ng5 h6 15.
Nh3 Nh7 16. f3 Ngf6 17. hxg6 fxg6 18. e5 dxe5 19. Qxh6 e4 20. Bc4+ e6 21. Qxg6+
Kh8 22. Ng5 Qf5 23. Nf7+ Rxf7 24. Qxf7 Nd5 25. Qe8+ Kg7 26. Ng3 Qf8 1-0

[Event "Olimpiada Calviá 2004"]
[Site "Calviá ESP"]
[Date "2004.10.25"]
[Round "10.31"]
[White "Hernandez Basante, Francisco"]
[Black "Carvalho, Guillermo"]
[Result "0-1"]
[WhiteElo "2283"]
[BlackElo "2216"]
[PlyCount "64"]
[EventDate "2004.10.15"]
[EventType "team"]
[EventRounds "14"]
[EventCountry "ESP"]
[Source "lmi"]
[SourceDate "2004.10.27"]

1. d4 d5 2. Nc3 Nf6 3. Bg5 Nbd7 4. f3 c5 5. e4 cxd4 6. Qxd4 e5 7. Qa4 d4 8.
Bxf6 gxf6 9. Nd5 a6 10. f4 Rb8 11. O-O-O b5 12. Qb3 Nb6 13. fxe5 Nxd5 14. exd5
fxe5 15. Nf3 Bg7 16. c3 O-O 17. cxd4 Bf5 18. Bd3 e4 19. Bc2 exf3 20. Bxf5 Qg5+
21. Kb1 Qxf5+ 22. Ka1 f2 23. Rhf1 Rbd8 24. Qg3 Rxd5 25. Rxf2 Qh5 26. Rfd2 Rfd8
27. Qc7 R5d7 28. Qb6 Qh6 29. Qc5 Rd5 30. Qa7 R5d7 31. Qc5 Bxd4 32. Qc2 Bxb2+
0-1

[Event "Olimpiada Calviá 2004"]
[Site "Calviá ESP"]
[Date "2004.10.25"]
[Round "10.32"]
[White "Michelakis, George"]
[Black "Sharavdorj, Dashzeveg"]
[Result "1/2-1/2"]
[WhiteElo "2438"]
[BlackElo "2466"]
[PlyCount "69"]
[EventDate "2004.10.15"]
[EventType "team"]
[EventRounds "14"]
[EventCountry "ESP"]
[Source "lmi"]
[SourceDate "2004.10.27"]

1. d4 Nf6 2. c4 e6 3. Nc3 Bb4 4. e3 c5 5. Bd3 O-O 6. a3 Bxc3+ 7. bxc3 Nc6 8.
Ne2 b6 9. e4 Ne8 10. O-O Ba6 11. f4 f6 12. Rb1 Na5 13. Ng3 Bxc4 14. Bxc4 Nxc4
15. f5 cxd4 16. cxd4 b5 17. Rxb5 Rc8 18. fxe6 dxe6 19. Rh5 e5 20. d5 g6 21. Rh3
Qd7 22. Bh6 Rf7 23. Nh1 Ncd6 24. Nf2 Rc4 25. Qb1 Qc8 26. Rb3 Rfc7 27. Rb8 Qd7
28. h3 Rc8 29. Ng4 Qe7 30. Rxc8 Rxc8 31. Qb4 Rc4 32. Qb8 Rc8 33. Qb4 Rc4 34.
Qb8 Rc8 35. Qb4 1/2-1/2

[Event "Olimpiada Calviá 2004"]
[Site "Calviá ESP"]
[Date "2004.10.25"]
[Round "10.32"]
[White "Hatanbaatar, Bazar"]
[Black "Kobese, Watu"]
[Result "1-0"]
[WhiteElo "2427"]
[BlackElo "2408"]
[PlyCount "108"]
[EventDate "2004.10.15"]
[EventType "team"]
[EventRounds "14"]
[EventCountry "ESP"]
[Source "lmi"]
[SourceDate "2004.10.27"]

1. e4 c5 2. Nf3 Nc6 3. d4 cxd4 4. Nxd4 Qb6 5. Nb3 Nf6 6. Nc3 e6 7. Bd3 a6 8. f4
d6 9. Qf3 Be7 10. Be3 Qc7 11. O-O Nd7 12. Kh1 b5 13. a4 b4 14. Ne2 Bb7 15. Qh3
Nf6 16. Nd2 h5 17. Bg1 Nd7 18. Rac1 Nc5 19. b3 g5 20. c3 bxc3 21. Rxc3 Nb4 22.
Bb1 a5 23. Rfc1 Ba6 24. Nc4 gxf4 25. Qf3 Bxc4 26. Rxc4 e5 27. g3 Qd7 28. gxf4
Nc6 29. f5 Rb8 30. Bc2 Rb4 31. Rxb4 Nxb4 32. Bb1 Qb7 33. f6 Bf8 34. Ng3 Nc6 35.
Nf5 Ne6 36. Qc3 Kd7 37. Bd3 Nc7 38. Bc4 Nb4 39. Qf3 Ne6 40. Ng7 Rh6 41. h3 Rg6
42. Qf5 Bxg7 43. Bxe6+ fxe6 44. Qxg6 Bxf6 45. Qxf6 Qxe4+ 46. Kh2 Nc6 47. Rf1 d5
48. Qg7+ Ne7 49. Rf7 Qe2+ 50. Bf2 d4 51. Rxe7+ Kd6 52. Rf7 Kd5 53. Qg2+ e4 54.
Rd7+ Kc6 1-0

[Event "Olimpiada Calviá 2004"]
[Site "Calviá ESP"]
[Date "2004.10.25"]
[Round "10.32"]
[White "Solomon, Kenny"]
[Black "Altanoch, Genden"]
[Result "1-0"]
[WhiteElo "2358"]
[BlackElo "2279"]
[PlyCount "103"]
[EventDate "2004.10.15"]
[EventType "team"]
[EventRounds "14"]
[EventCountry "ESP"]
[Source "lmi"]
[SourceDate "2004.10.27"]

1. d4 d5 2. c4 e6 3. Nc3 c6 4. e3 f5 5. Bd3 Nf6 6. Nge2 Bd6 7. Qc2 Ne4 8. b3
O-O 9. Bb2 b6 10. g3 Na6 11. a3 Nb8 12. f3 Ng5 13. O-O Bb7 14. cxd5 cxd5 15.
Nb5 Nc6 16. Nxd6 Qxd6 17. Qd2 Na5 18. Qd1 Rfc8 19. Bc3 Nc6 20. Qd2 a5 21. Kg2
Nf7 22. b4 g6 23. Qb2 e5 24. b5 exd4 25. exd4 Ncd8 26. Bd2 Ne6 27. h4 Re8 28.
Rac1 Re7 29. Nf4 Ng7 30. Rfe1 Rae8 31. Rxe7 Rxe7 32. Re1 Rxe1 33. Bxe1 h6 34.
Bb1 g5 35. hxg5 hxg5 36. Nd3 Qe6 37. Ne5 Nxe5 38. dxe5 d4 39. Qxd4 g4 40. Bd2
Kh7 41. Qxg4 Qd7 42. Qh4+ Kg6 43. Qf6+ Kh7 44. Qh6+ Kg8 45. Qd6 Qf7 46. Bd3 Qh5
47. Qb8+ Qe8 48. Qxb7 Qxe5 49. Qc8+ Kh7 50. Bc3 Qd5 51. Qc4 Qxf3+ 52. Kxf3 1-0

[Event "Olimpiada Calviá 2004"]
[Site "Calviá ESP"]
[Date "2004.10.25"]
[Round "10.32"]
[White "Gunbayar, Myagmarsuren"]
[Black "Gluckman, David"]
[Result "1/2-1/2"]
[WhiteElo "2229"]
[BlackElo "2343"]
[PlyCount "131"]
[EventDate "2004.10.15"]
[EventType "team"]
[EventRounds "14"]
[EventCountry "ESP"]
[Source "lmi"]
[SourceDate "2004.10.27"]

1. e4 e6 2. d4 d5 3. Nd2 c5 4. c3 cxd4 5. cxd4 dxe4 6. Nxe4 Nc6 7. Nf3 Be7 8.
Bb5 Nf6 9. Nxf6+ Bxf6 10. Bxc6+ bxc6 11. O-O O-O 12. Be3 Ba6 13. Re1 Bc4 14.
Qa4 Bd5 15. Ne5 Qc7 16. Nd3 Rfd8 17. Bf4 Qb6 18. Be5 Bxe5 19. Rxe5 a5 20. Rc1
Qb5 21. Qa3 Qb6 22. Qa4 Ra7 23. h3 Qb5 24. Qa3 Qb6 25. Rc5 Rb8 26. Re1 Qd8 27.
Nf4 h6 28. Re5 Rb4 29. Qc3 Bxa2 30. Rxa5 Rxa5 31. Qxb4 Bd5 32. Qc3 Rb5 33. b4
Rb8 34. Nd3 Qf6 35. Re3 Qg6 36. Rg3 Qe4 37. Kh2 Ra8 38. Ne5 g5 39. Rg4 Qf5 40.
Nxc6 Qxf2 41. Ne7+ Kg7 42. Nxd5 exd5 43. Qg3 Qxg3+ 44. Rxg3 Kf6 45. b5 Kf5 46.
Rf3+ Ke4 47. Rxf7 Rb8 48. Rf6 Rxb5 49. Rxh6 Kxd4 50. Rg6 Ke4 51. Rxg5 Rb3 52.
h4 d4 53. Rg8 d3 54. Re8+ Kf4 55. Rd8 Ke3 56. Re8+ Kf2 57. Rf8+ Ke2 58. Re8+
Kf2 59. Rf8+ Ke2 60. Re8+ Kd2 61. Rd8 Ke2 62. Re8+ Kf2 63. Rd8 Ke2 64. Re8+ Kf2
65. Rf8+ Ke2 66. Re8+ 1/2-1/2

[Event "Olimpiada Calviá 2004"]
[Site "Calviá ESP"]
[Date "2004.10.25"]
[Round "10.33"]
[White "Ker, Anthony F"]
[Black "Morovic, Ivan"]
[Result "1/2-1/2"]
[WhiteElo "2328"]
[BlackElo "2564"]
[PlyCount "50"]
[EventDate "2004.10.15"]
[EventType "team"]
[EventRounds "14"]
[EventCountry "ESP"]
[Source "lmi"]
[SourceDate "2004.10.27"]

1. e4 c5 2. c3 e6 3. d4 d5 4. exd5 exd5 5. Nf3 c4 6. b3 cxb3 7. axb3 Nc6 8. Bd3
Bd6 9. O-O Nge7 10. Re1 O-O 11. Qc2 Ng6 12. Bg5 Qc7 13. Na3 Bxa3 14. Rxa3 Bg4
15. Nh4 Rfe8 16. Raa1 h6 17. Bxg6 hxg5 18. Bh7+ Kf8 19. h3 gxh4 20. hxg4 g6 21.
Bxg6 fxg6 22. Qxg6 Qg7 23. Qd6+ Re7 24. Rxe7 Nxe7 25. Re1 Re8 1/2-1/2

[Event "Olimpiada Calviá 2004"]
[Site "Calviá ESP"]
[Date "2004.10.25"]
[Round "10.33"]
[White "Vasquez, Rodrigo"]
[Black "Nokes, Roger I"]
[Result "0-1"]
[WhiteElo "2546"]
[BlackElo "2333"]
[PlyCount "96"]
[EventDate "2004.10.15"]
[EventType "team"]
[EventRounds "14"]
[EventCountry "ESP"]
[Source "lmi"]
[SourceDate "2004.10.27"]

1. e4 c5 2. Nf3 Nc6 3. Bb5 g6 4. O-O Bg7 5. c3 Nf6 6. Re1 O-O 7. d3 a6 8. Ba4
b5 9. Bb3 d6 10. h3 Qc7 11. Nbd2 Bb7 12. Nf1 Rad8 13. Ng3 e5 14. Bg5 h6 15.
Bxf6 Bxf6 16. Bd5 Bc8 17. a4 Ne7 18. Ba2 Bg7 19. axb5 axb5 20. Nf1 d5 21. Qe2
dxe4 22. dxe4 c4 23. b3 Be6 24. bxc4 bxc4 25. Red1 Nc8 26. Ne3 Nb6 27. Rab1 Rd3
28. Rb4 Ra8 29. Rdb1 Na4 30. Nxc4 Nxc3 31. Qxd3 Nxa2 32. Ne3 Nxb4 33. Rxb4 Bf8
34. Rb1 Ra3 35. Qb5 Ra2 36. Qe8 Qe7 37. Qb5 Qc5 38. Nxe5 Ra1 39. Kh2 Rxb1 40.
Qxb1 Qxe5+ 41. g3 Qh5 42. g4 Qe5+ 43. Kg2 Bd6 44. Nf1 Qd4 45. Qc2 Bc4 46. Nd2
Bd3 47. Qc8+ Kg7 48. Qe8 Bc5 0-1

[Event "Olimpiada Calviá 2004"]
[Site "Calviá ESP"]
[Date "2004.10.25"]
[Round "10.33"]
[White "Llorens, Marcelo"]
[Black "Green, Peter"]
[Result "1-0"]
[WhiteElo "2375"]
[BlackElo "2268"]
[PlyCount "104"]
[EventDate "2004.10.15"]
[EventType "team"]
[EventRounds "14"]
[EventCountry "ESP"]
[Source "lmi"]
[SourceDate "2004.10.27"]

1. e4 e5 2. Nf3 Nc6 3. Bb5 a6 4. Ba4 Nf6 5. Qe2 Be7 6. c3 b5 7. Bb3 d6 8. O-O
Na5 9. Bc2 c5 10. d3 O-O 11. Re1 Re8 12. Nbd2 Bf8 13. Nf1 Bb7 14. Ng3 g6 15. h3
h6 16. Bd2 Qc7 17. Rad1 Rad8 18. Nh2 Kh7 19. Qf3 Ng8 20. Qg4 Bg7 21. f4 exf4
22. Bxf4 Be5 23. Rf1 Re7 24. Rf2 Bc8 25. Qf3 Be6 26. d4 Bg7 27. Nf5 cxd4 28.
Nxe7 Nxe7 29. cxd4 Rf8 30. d5 Bc8 31. b3 Ng8 32. Be3 Nb7 33. Bd4 Bxd4 34. Rxd4
Nc5 35. Qc3 Qe7 36. b4 Nd7 37. Rd1 Ngf6 38. Rdf1 Nh5 39. Ng4 Ng7 40. Qd2 h5 41.
Nf6+ Nxf6 42. Rxf6 Ne8 43. R6f4 Ng7 44. a4 Bd7 45. axb5 axb5 46. Bd3 h4 47. Qf2
Kg8 48. Rxh4 Rc8 49. Rf4 Be8 50. Qd4 Nh5 51. R4f3 Qg5 52. Qf2 Rc3 1-0

[Event "Olimpiada Calviá 2004"]
[Site "Calviá ESP"]
[Date "2004.10.25"]
[Round "10.34"]
[White "Gillani, Tunveer"]
[Black "Baburin, Alexander"]
[Result "0-1"]
[WhiteElo "2277"]
[BlackElo "2527"]
[PlyCount "34"]
[EventDate "2004.10.15"]
[EventType "team"]
[EventRounds "14"]
[EventCountry "ESP"]
[Source "lmi"]
[SourceDate "2004.10.27"]

1. e4 Nf6 2. e5 Nd5 3. d4 d6 4. Nf3 dxe5 5. Nxe5 c6 6. c4 Nb4 7. Be3 Bf5 8. Nd3
e5 9. Nxb4 Bxb4+ 10. Nc3 Qa5 11. Qb3 exd4 12. Bxd4 O-O 13. O-O-O Na6 14. Bd3
Rfd8 15. Bxf5 Qxf5 16. Qc2 Qf4+ 17. Qd2 Rxd4 0-1

[Event "Olimpiada Calviá 2004"]
[Site "Calviá ESP"]
[Date "2004.10.25"]
[Round "10.34"]
[White "Kelly, Brian"]
[Black "Lodhi, Mahmood"]
[Result "1-0"]
[WhiteElo "2494"]
[BlackElo "2385"]
[PlyCount "95"]
[EventDate "2004.10.15"]
[EventType "team"]
[EventRounds "14"]
[EventCountry "ESP"]
[Source "lmi"]
[SourceDate "2004.10.27"]

1. d4 d5 2. c4 c6 3. Nc3 Nf6 4. e3 g6 5. Nf3 Bg7 6. Bd3 O-O 7. O-O Nbd7 8. cxd5
cxd5 9. b3 a6 10. a4 b6 11. Ba3 Bb7 12. Rc1 Re8 13. Rc2 e5 14. dxe5 Nxe5 15.
Nxe5 Rxe5 16. Ne2 Rg5 17. Nd4 Qd7 18. f4 Rh5 19. Be2 Rh6 20. Qc1 Ne8 21. Bf3
Bf6 22. Rd1 g5 23. Nc6 Bxc6 24. Rxc6 Bb2 25. Qxb2 Qxc6 26. Rxd5 Rg6 27. Rxg5
Qc8 28. Rxg6+ hxg6 29. Bxa8 Qxa8 30. Qd4 Qc6 31. h3 b5 32. axb5 axb5 33. e4 f6
34. Qd5+ Qxd5 35. exd5 Kf7 36. Kf2 Nc7 37. d6 Ne6 38. Ke3 Ke8 39. Ke4 Kd7 40.
g3 Nd8 41. f5 g5 42. h4 gxh4 43. gxh4 Nf7 44. h5 Kc6 45. Bb2 Ng5+ 46. Kf4 Nh7
47. Ba3 Kd7 48. h6 1-0

[Event "Olimpiada Calviá 2004"]
[Site "Calviá ESP"]
[Date "2004.10.25"]
[Round "10.34"]
[White "Amir, Karim"]
[Black "Quinn, Mark"]
[Result "1-0"]
[WhiteElo "2250"]
[BlackElo "2409"]
[PlyCount "95"]
[EventDate "2004.10.15"]
[EventType "team"]
[EventRounds "14"]
[EventCountry "ESP"]
[Source "lmi"]
[SourceDate "2004.10.27"]

1. c4 e5 2. Nc3 Nf6 3. Nf3 Nc6 4. g3 d5 5. cxd5 Nxd5 6. Bg2 Nb6 7. O-O Be7 8.
Rb1 O-O 9. b4 a6 10. a3 Be6 11. d3 f6 12. Ne4 Ba2 13. Rb2 Bd5 14. Nc5 Qc8 15.
Qc2 a5 16. b5 Bxf3 17. Bxf3 Nd4 18. Bxb7 Nxc2 19. Bxc8 Nd4 20. Be6+ Kh8 21. e3
Bxc5 22. exd4 Bxa3 23. Ra2 Bd6 24. dxe5 Bxe5 25. Bf4 Rae8 26. Bxe5 fxe5 27. Bh3
a4 28. Rc1 Re7 29. Rac2 Rff7 30. Rc6 g6 31. Bg2 Kg7 32. Kf1 Rd7 33. Ke2 Kf8 34.
h4 Ke8 35. Bh3 Rd4 36. Rxc7 Rxc7 37. Rxc7 a3 38. Be6 Rb4 39. Rb7 Na4 40. Ra7
Nc3+ 41. Ke3 Nxb5 42. Bd7+ Kf8 43. Bxb5 Rxb5 44. Rxa3 h5 45. Ra7 Rd5 46. Ke4
Rb5 47. f3 Rc5 48. Rd7 1-0